00584nam a22001937a 450000500170000001000150001702000270003203500140005903700130007308200130008610000190009924500630011825000130018126000300019427000680022430000310029250000190032350500480034220171102152548.0 aENG-121172 a97881203533503c450.00 aEN-104704 bDBAD/PUB a624.1821 aShiyekar, M.R. aLimit state design in structural steel /cby M.R. Shiyekar a3rd ed.  aDelhibPHI Learningc2017 aRImjhim House, 111, Patparganj Industrial EstatebDelhie110092 axviii,441c25cm(pbk)bill. aIncludes Index aRevised as per amendment N0-1to IS 800:2007